000 02046nam a22002537a 4500
003 NALT
005 20251125232947.0
008 s2546 th thaeng
040 _aNALT
041 _athaeng
090 _aKF53.1 ก494อ 2546
110 0 _aกระทรวงการพัฒนาสังคมและความมั่นคงของมนุษย์. สำนักงานกิจการสตรีและสถาบันครอบครัว
245 1 0 _aอนุสัญญาว่าด้วยการขจัดการเลือกปฏิบัติต่อสตรีในทุกรูปแบบ และพิธีสารเลือกรับของอนุสัญญาว่าด้วยการขจัดการเลือกปฏิบัติต่อสตรีในทุกรูปแบบ =
_bConvention on the elimination of all forms of discrimination against women and optional protocol to the convention.../
260 3 _aกรุงเทพฯ :
_bสำนักกิจการสตรีและสถาบันครอบครัว,
_c2546
300 _a74 หน้า ;
_b21 ซม.
610 _aกระทรวงการพัฒนาสังคมและความมั่นคงของมนุษย์. สำนักงานกิจการสตรีและสถาบันครอบครัว
650 0 4 _aการจัดการเลือกปฏิบัติต่อสตรี (อนุสัญญา)
650 0 4 _aสตรี -- สถานภาพทางกฎหมาย
650 0 4 _aสตรี -- สถานภาพทางกฎหมายการจัดการเลือกปฏิบัติต่อสตรี (อนุสัญญา)
850 _aNALT
856 4 0 _uhttps://hdl.handle.net/20.500.14156/301713
942 _cLB
_2lcc
999 _c44124
_d44124
998 _j109
_k อารีรัตน์ วิชาช่าง